| 000 | 00698cam a22002531 4500 | ||
|---|---|---|---|
| 001 | 6487 | ||
| 003 | BD-RjUL | ||
| 005 | 20211208234243.0 | ||
| 008 | 140111s1951 nyu 001 0 eng | ||
| 035 | _a(BD-RjUL)6528 | ||
| 035 | _a(OCoLC)945627 | ||
| 040 |
_aDLC _cMBNU _dBD-RjUL _beng |
||
| 041 | _aeng | ||
| 082 | 0 | 4 |
_222 _a512.7 _bNAI 1951 |
| 100 | 1 |
_aNagell, Trygve, _d1895- _920427 |
|
| 245 | 1 | 0 |
_aIntroduction to number theory. _cTrygve Nagell |
| 260 |
_aStockholm : _bAlmqvist & Wiksell, _aNew York : _bJ. Wiley, _c1951. |
||
| 300 |
_a309 p. ; _c21 cm. |
||
| 504 | _aInclude index. | ||
| 650 | 0 |
_aNumber theory. _920428 |
|
| 942 |
_2ddc _cBK |
||
| 999 |
_c6487 _d6487 |
||